Special study on forest management, afforestation and utilization of forest resources in the developing regions Asia-Pacific region Guidelines for tropical forest cover monitoring based on remote sensing
Saved in:
| Main Author: | |
|---|---|
| Format: | Book |
| Language: | Undetermined |
| Published: |
Rome
FAO
1985
|
| Subjects: | |
| Tags: |
Add Tag
No Tags, Be the first to tag this record!
|
| Institutions: | Trung tâm Học liệu Trường Đại học Cần Thơ |
|---|
| LEADER | 00668nam a2200193Ia 4500 | ||
|---|---|---|---|
| 001 | CTU_29334 | ||
| 008 | 210402s9999 xx 000 0 und d | ||
| 082 | |a 634 | ||
| 082 | |b B197 | ||
| 100 | |a R Baltaxe | ||
| 245 | 0 | |a Special study on forest management, afforestation and utilization of forest resources in the developing regions Asia-Pacific region | |
| 245 | 0 | |b Guidelines for tropical forest cover monitoring based on remote sensing | |
| 245 | 0 | |c R Baltaxe, FAO | |
| 260 | |a Rome | ||
| 260 | |b FAO | ||
| 260 | |c 1985 | ||
| 650 | |a forests and forestry | ||
| 904 | |i Nguyễn Quang Điền, 990319 | ||
| 980 | |a Trung tâm Học liệu Trường Đại học Cần Thơ | ||